| 000 | 01368njm a2200337Ia 4500 | ||
|---|---|---|---|
| 001 | 24199 | ||
| 003 | IT-RoPAU | ||
| 005 | 20220918181209.0 | ||
| 008 | 131025s9999 xx 000 0 und d | ||
| 040 | _aIT-RoPAU | ||
| 040 | _cIT-RoPAU | ||
| 999 |
_c103661 _d103661 |
||
| 999 | _bn.d. | ||
| 100 |
_aAA.VV. _9794 |
||
| 100 |
_eAutore musica _99493 |
||
| 100 |
_gCodice autore musica SPICS: 12000 _9796 |
||
| 245 | _aJoue les Beatles-Le grand orchestre de Paul Muriat | ||
| 250 | _a1a ed. | ||
| 260 | _aITALIA | ||
| 260 |
_bFONTANA RECORD _c1973 [1a Ed.:1973] |
||
| 300 | _aDISCO | ||
| 300 | _c32 minuti (Testo: pag.) | ||
| 500 | _aMusica strumentale. Musica leggera. | ||
| 505 | _aEleanor Rigby (3:00) - My Sweet Lord (3:00) - Yesterday (3:00) - Hey Jude (4:00) - Girl (3:00) - Goodbye (3:00) - Penny Lane (3:00) - Ticket To Ride (4:00) - Let It Be (3:00) - Michelle (3:00) - Get Back (3:00) - Lady Madonna (3:00) | ||
| 511 | _aMauriat Paul | ||
| 650 |
_aSTRUMENTALE [DISCHI] _eCodice MATERIA SPICS: 9950 _9828 |
||
| 700 |
_aMauriat Paul _gCodice interprete SPICS: 8082 _eInterprete _99494 |
||
| 700 |
_aLennon John _gCodice autore musica SPICS: 13133 _eAutore musica _99495 |
||
| 700 |
_aMcCartney Paul _gCodice autore SPICS: 8084 _eAutore SPICS: 8084 _99496 |
||
| 700 |
_aHarrison George _gCodice autore musica SPICS: 10100 _eAutore musica _pMy Sweet Lord _99497 |
||
| 942 |
_cMD _2ddc |
||